000 00314nam a22001337a 4500
008 180312b xxu||||| |||| 00| 0 eng d
020 _a9780131457270
041 _aeng
080 _210 ED
_a621
100 _a27
101 _aMEC
245 _aSOLUTIONS MODERN CONTROL SYSTEMS
_cRICHARD.C.D
942 _2udc
_cBK
999 _c44716
_d44716